| 000 | 00490nam a22001457a 4500 | ||
|---|---|---|---|
| 003 | 0 | ||
| 005 | 20221116095852.0 | ||
| 008 | 221116b xxu||||| |||| 00| 0 eng d | ||
| 050 |
_aLB 2395.7 _b.L33 2022 |
||
| 245 |
_aKorona at corona: adjusting to a digital setting amidst the pandemic _cMaja Sarah B. Lacambra |
||
| 260 |
_aLas Pinas, Philippines _bSouthville International School and Colleges _cC2022 |
||
| 300 |
_aviii,86pp. _c28cm. _fTheses |
||
| 500 | _aDigital setting. | ||
| 942 |
_2lcc _cTH |
||
| 999 |
_c364895 _d364895 |
||